Quizzes
Events
Quiz Creation
Community
Videos
Private Events
Remove Ads
Sign In
Join for FREE
Feedback
Dark Mode
Quiz Categories
Sports
Geography
Music
Movies
Television
Just For Fun
Miscellaneous
History
Literature
Language
Science
Gaming
Entertainment
Religion
Holiday
For Kids
Quiz Lab
Recent
Popular Today
Quiz Kudos Today
Editor Picks
Curator Picks
Quizzes by...
Day
Popularity
Type
Ratings
Length
Year
Community
Subscriptions
Recent Discussions
Orange Saloon
Badges
Playlists
Quests
Create
Leaderboards
Showdown
Live 5
Trivia Bingo
Activity
Puzzle Library
Sporcle Events
Private Events
Virtual Trivia
Globe League
Become a Host
Pub Owners
SporcleCon
Opinionation
Our Games
Videos
Blog
Mobile Apps
Partnerships
Remove Ads and Go Orange
Feedback
Television
TV Characters
TV Show
Sitcom
Network
Friends
Reality Shows
Cast
South Park
Star Trek
The Simpsons
Doctor Who
Television
TV Characters
TV Show
Sitcom
Network
Friends
Reality Shows
Cast
South Park
Star Trek
The Simpsons
Doctor Who
Random Quiz
Search Sporcle
×
Quiz Lab
Quiz Lab
Television
scrub
Type in answers that appear in a list
Type in answers that appear in a list
Classic
Best Score? Go Orange.
Scrubs Characters Stats
Can you name the Scrubs Characters?
By
Joke425
5m
20 Questions
433 Plays
433 Plays
433 Plays
Comments
Comments
Give Quiz Kudos
Give Quiz Kudos
-
- Ratings
hide this ad
More Info
Replay
Link that replays current quiz
Next Quiz
Link to next quiz in quiz playlist
You Got
0%
They Got
Avg Score
68%
Avg Friend Score
Upgrade to see
Score Distribution
Jump to the score distribution portion of the page
Score
0/20
Timer
05:00
0
Plays Today
hint
character
% Correct
the main character
John Dorian
99.8%
brown bear
Christopher Turk
95.6%
Sweeps the floor
The Janitor
94.5%
calls main character girl names
Perry Cox
93.5%
main characters girlfriend
Elliot Reid
92.4%
chief of medicine
Bob Kelso
91%
the spanish nurse
Carla Turk
88.5%
Lawyer under the chief of medicine
Ted Buckland
83.8%
High five
Todd Quinlan
76.2%
_
_
_
_
_
_
_
_
is crazy
Hooch
76%
hint
character
% Correct
ex wife of Dr. Cox
Jordan Sullivan
73.7%
became engaged to main characters girlfriend
Keith Dudemeister
69.7%
main characters older brother
Dan Dorian
62.8%
Guy who deals with dead guys
Doug Murphy
60.7%
killed in a car accident
Laverne Roberts
57.7%
Dr. Coxs best friend
Ben Sullivan
51%
snoop dog attending
Ronald
34.2%
not nice intern under main character
Denise Mahoney
26.1%
don't give him a hammer
walter mickhead
22.9%
nickname is beardface
Seymour Beardface
19.2%
Quiz Playlist
Details
Report
Send in Message
Add To Playlist
More Info:
First and last name
Classic:
Type in answers that appear in a list
Last Updated: Feb 16, 2017
Quiz Scoreboard
CHALLENGE
Sign Up to Join the Scoreboard
Show All
Scores
Hide
Comments
May contain spoilers
Recently Published
One Thing in Common: World Cities II
by knightlancer
Geography
7m
Popular People in 1961
by mucciniale
History
6m
1-10 Letter E Words III
by El_Dandy
Language
2m
More to Explore
Quiz From the Vault
Featured Blog Post
Where Did the Easter Bunny Come From?
hide this ad
You Might Also Like...
Tags
Character
scrub
Scrubs
Today's Top Quizzes in Television
Browse Television
hide this ad
Today's Top Quizzes in scrub
Browse scrub
Top Contributed Quizzes in Television
1
One Piece Logic Puzzle
2
Survivor Logic Puzzle: Heroes vs. Villains
3
Survivor Seasons
4
Survivor Season by Logo
5
Survivor Trivia
6
Survivor Logic Puzzle: Winners at War
7
Ultimate Survivor Logic Puzzle
8
Phoebe Buffay Quotes
9
Emmerdale Characters (from August 2012)
10
One Thing in Common: Television
Explore More
Trending Topics
Kpop
Marvel
Disney
NBA
Harry Potter
Crossword
Anime
Puzzle
Country
Pokémon
Song
NFL
Soccer
The Office
WWE
hide this ad
More By:
Joke425
Quiz
Plays
Rating
Category
Featured
Created
Scrubs Characters
433
3.00
Television
Apr 28, 2010
Superheroes made into movies
418
2.60
Just For Fun
Apr 27, 2010
1-word best picture winners
98
4.50
Movies
Sep 5, 2010
Go to Creator's Profile
Score Distribution
Quiz Creator Spotlight
Joke425
Follow
Send a Message
Quizzes Created
-
Created Quiz Play Count
-
More By This Creator
Popular Quizzes Today
1
Find the US States - No Outlines Minefield
2
The Countries of the World
3
Popular People in 1961
4
Find the Countries of Europe - No Outlines Minefield
5
1-10 Letter E Words III
6
Find the US States
7
One Thing in Common: World Cities II
8
US States
More Television Quizzes
100 Legend of Korra Characters
Quiz Lab
Trending Quizzes
1-10 Letter F Words
1-10 Letter G Words
Risky Map Clicking: Next State Alphabetically
1-10 Letter F Words II
Risky Map Clicking: States by Unique Starting Letters
Recently Updated
Leaping Animals
pecheneg
Reality TV Shows (A-Z)
bhenderson79
Rickey Henderson's Hall of Fame Teammates
pecheneg
Champions League XIs: Arsenal
pecheneg
Quick Pick: Celebrities in WWE's Hall of Fame
aduchscher
A-Z Keypad Blitz II
pecheneg
Multiple Oscar Actors
pecheneg
Mystery Phrase Blitz: Oscar 'Best Actors'
pecheneg
F. Scott Fitzgerald Novels
LTH
Pick 3 Villains
ddd62291
Trending Topics
Kpop
Harry Potter
Anime
Disney
Marvel
NBA
Crossword
WWE
Song
NFL
Pokémon
The Office
Soccer
Puzzle
Country
Your Account Isn't Verified!
In order to create a playlist on Sporcle, you need to verify the email address you used during registration. Go to your
Sporcle Settings
to finish the process.
Report this User
Report this user for behavior that violates our
Community Guidelines
.
Details:
Send Report
Go to the Sporcle.com Mobile Site →
Comments